Памяти Цилии Иосифовны Грин - историка, библиографа, книговеда (1921-2004) (Запись № 10718988)

Подробности
000 -МАРКЕР
контрольное поле 02028nam0a2200349 i 4500
001 - ИДЕНТИФИКАТОР ЗАПИСИ
контрольное поле RU\NLR\BIBL_A\010654314
005 - ИДЕНТИФИКАТОР ВЕРСИИ
контрольное поле 20260407071733.0
010 ## - МЕЖДУНАРОДНЫЙ СТАНДАРТНЫЙ НОМЕР КНИГИ (ISBN)
Номер (ISBN) 9785905042164
Тираж 100
021 ## - НОМЕР ГОСУДАРСТВЕННОЙ РЕГИСТРАЦИИ
Код страны российская федерация
Номер 2015-75707
Номер Листа государственной регистраци 4567
035 ## - ДРУГИЕ СИСТЕМНЫЕ НОМЕРА
Идентификатор записи (NLR Aleph) 010654314
100 ## - ДАННЫЕ ОБЩЕЙ ОБРАБОТКИ
Данные общей обработки 20150128d2014 u y0rusy50 ca
101 0# - ЯЗЫК РЕСУРСА
Язык текста, звукозаписи и т.д. русский
102 ## - СТРАНА ПУБЛИКАЦИИ ИЛИ ПРОИЗВОДСТВА
Страна публикации российская федерация
105 ## - ПОЛЕ КОДИРОВАННЫХ ДАННЫХ: ТЕКСТОВЫЕ МАТЕРИАЛЫ, МОНОГРАФИЧЕСКИЕ
Кодированные данные о монографическом текстовом документе ach a 001yb
200 1# - ЗАГЛАВИЕ И СВЕДЕНИЯ ОБ ОТВЕТСТВЕННОСТИ
Основное заглавие Памяти Цилии Иосифовны Грин - историка, библиографа, книговеда (1921-2004)
Сведения, относящиеся к заглавию [сборник]
Первые сведения об ответственности Рос. нац. б-ка
Последующие сведения об ответственности [сост.: Г. А. Мамонтова и др.
-- под общ. ред. д.ист.н. А. Н. Цамутали]
210 ## - ПУБЛИКАЦИЯ, РАСПРОСТРАНЕНИЕ И ДР.
Место издания, распространения и т.д. Санкт-Петербург
Имя издателя, распространителя и т. д. Северная Звезда
Дата издания, распространения и т.д. 2014
215 ## - ФИЗИЧЕСКАЯ ХАРАКТЕРИСТИКА
Специфическое обозначение материала и объем 103 с., [4] л. ил., портр.
Другие сведения о физической характеристике факс.
Размеры 21
320 ## - ПРИМЕЧАНИЯ О НАЛИЧИИ В ДОКУМЕНТЕ БИБЛИОГРАФИИ / УКАЗАТЕЛЯ
Текст примечания Указ. имен, встречающихся в ст. и воспоминаниях: с. 96-100
600 #1 - ИМЯ ЛИЦА КАК ПРЕДМЕТ
Начальный элемент ввода Грин
Часть имени, кроме начального элемента ввода Ц. И.
Даты 1921 - 2004
Расширение инициалов личного имени Цилия Иосифовна
Формальный подзаголовок Сборники
Системный номер авторитетной/нормативной записи 2191769
Идентификатор авторитетной/нормативной записи RU\NLR\AUTH\661317492
601 02 - НАИМЕНОВАНИЕ ОРГАНИЗАЦИИ КАК ПРЕДМЕТ
Начальный элемент ввода Российская национальная библиотека
Структурное подразделение организации Информационно-библиографический отдел
Идентифицирующий признак Санкт-Петербург, город
Формальный подзаголовок Сборники
Тематический подзаголовок История
Системный номер авторитетной/нормативной записи 2296593
Идентификатор авторитетной/нормативной записи RU\NLR\AUTH\661375166
686 1# - ИНДЕКСЫ ДРУГИХ КЛАССИФИКАЦИЙ
Индекс Ч753(2)7-8Грин.я43
686 1# - ИНДЕКСЫ ДРУГИХ КЛАССИФИКАЦИЙ
Индекс Ч734(2)711.12г.я43
702 #1 - ИМЯ ЛИЦА - ВТОРИЧНАЯ ОТВЕТСТВЕННОСТЬ
Код отношения Прочие
Материалы, к которым относится поле rus
Графика поля Кириллица
Начальный элемент ввода Грин
Часть имени, кроме начального элемента ввода Ц. И.
Даты 1921-2004
Расширение инициалов личного имени Цилия Иосифовна
Идентификатор авторитетной/нормативной записи RU\NLR\AUTH\775842
Системный номер авторитетной/нормативной записи 115801
702 #1 - ИМЯ ЛИЦА - ВТОРИЧНАЯ ОТВЕТСТВЕННОСТЬ
Начальный элемент ввода Мамонтова
Часть имени, кроме начального элемента ввода Г. А.
Код отношения Составитель
702 #1 - ИМЯ ЛИЦА - ВТОРИЧНАЯ ОТВЕТСТВЕННОСТЬ
Код отношения Редактор
Материалы, к которым относится поле rus
Графика поля Кириллица
Начальный элемент ввода Цамутали
Часть имени, кроме начального элемента ввода А. Н.
Даты 1931 -
Расширение инициалов личного имени Алексей Николаевич
Идентификатор авторитетной/нормативной записи RU\NLR\AUTH\7715123
Системный номер авторитетной/нормативной записи 124783
712 02 - НАИМЕНОВАНИЕ ОРГАНИЗАЦИИ - ВТОРИЧНАЯ ОТВЕТСТВЕННОСТЬ
Код отношения Прочие
Начальный элемент ввода Российская национальная библиотека
Идентифицирующий признак Санкт-Петербург
Идентификатор авторитетной/нормативной записи RU\NLR\AUTH\88593
Системный номер авторитетной/нормативной записи 272031
942 ## - ДОПОЛНИТЕЛЬНЫЕ ЭЛЕМЕНТЫ ЗАПИСИ (АБИС)
Тип экземпляра АБИС Книга
980 ## - КОЛЛЕКЦИЯ
Название коллекции НБР

Нет доступных экземпляров.